[Event "Reykjavik Open 2015"]
[Site "Reykjavik, "]
[Date "2015.03.16"]
[Round "8.1"]
[White "Granda Zuniga, Julio E"]
[Black "L'ami, Erwin"]
[Result "0-1"]
[WhiteElo "2646"]
[BlackElo "2605"]
[PlyCount "162"]
[EventDate "2015.03.10"]

1. d4 f5 2. Nc3 Nf6 3. Bg5 d5 4. Bxf6 exf6 5. e3 Be6 6. Nge2 Bd6 7. Nf4 Bxf4 8.
exf4 c6 9. g3 Nd7 10. Bg2 Nb6 11. O-O O-O 12. Qd3 Nc4 13. b3 Nd6 14. Nd1 a5 15.
a4 Qb6 16. Ne3 Qa6 17. Qxa6 Rxa6 18. Rfd1 Rd8 19. Rac1 b5 20. axb5 Nxb5 21. c4
Nc7 22. Ra1 dxc4 23. bxc4 g6 24. Bf1 Bf7 25. Ra3 Ra7 26. Nc2 Ne6 27. Bg2 Be8
28. Re3 Nf8 29. Ra1 Bf7 30. Nb4 axb4 31. Rxa7 Rxd4 32. Bxc6 Rxc4 33. Ree7 Rc1+
34. Kg2 Bc4 35. Ba4 b3 36. Rab7 Bd5+ 37. Kh3 g5 38. fxg5 fxg5 39. Bxb3 g4+ 40.
Kh4 Ng6+ 41. Kg5 Nxe7 42. Bxd5+ Nxd5 43. Kxf5 Rc2 44. Kxg4 Rxf2 45. h3 Nf6+ 46.
Kh4 Rd2 47. g4 Rd3 48. Kg5 Ne4+ 49. Kf4 Nc5 50. Rb5 Ne6+ 51. Ke5 Nf8 52. h4 Rh3
53. h5 h6 54. Kf4 Ra3 55. Rb6 Kg7 56. Rc6 Ra1 57. Rb6 Re1 58. Kf5 Rf1+ 59. Ke4
Rf6 60. Rb7+ Rf7 61. Rb6 Rf6 62. Rb7+ Kg8 63. Ra7 Nh7 64. Ke5 Rf1 65. Ra8+ Kg7
66. Ra7+ Rf7 67. Ra4 Ng5 68. Ra6 Rf1 69. Rg6+ Kh7 70. Ra6 Nf7+ 71. Ke4 Kg7 72.
Ke3 Rf6 73. Ra7 Rb6 74. Kf4 Kf6 75. Ra4 Ng5 76. Rc4 Rb3 77. Rc6+ Ne6+ 78. Ke4
Rg3 79. Kd5 Re3 80. Ra6 Re5+ 81. Kd6 Re4 0-1

[Event "Reykjavik Open 2015"]
[Site "Reykjavik, "]
[Date "2015.03.16"]
[Round "8.5"]
[White "Melkumyan, Hrant"]
[Black "Maze, Sebastien"]
[Result "1-0"]
[WhiteElo "2676"]
[BlackElo "2564"]
[PlyCount "93"]
[EventDate "2015.03.10"]
[WhiteClock "0:33:00"]
[BlackClock "0:25:27"]

1. d4 Nf6 2. Nf3 g6 3. c4 Bg7 4. g3 c6 5. Bg2 d5 6. cxd5 cxd5 7. Nc3 O-O 8. Ne5
e6 9. O-O Nfd7 10. Nf3 Nc6 11. Bf4 Qb6 12. Na4 Qa6 13. Rc1 b5 14. Nc3 b4 15.
Na4 Bb7 16. b3 Rfc8 17. Qd2 Qb5 18. Rc2 Ne7 19. Bc7 Nc6 20. Bd6 Nf6 21. Bc5 Ne4
22. Qf4 Ba6 23. Rfc1 Qb8 24. Qxb8 Raxb8 25. Bf1 Bb5 26. e3 a6 27. Bxb5 axb5 28.
Nb2 Nc3 29. Nd3 Ra8 30. a3 Bf8 31. Bxb4 Nxb4 32. axb4 Bxb4 33. Nxb4 Ne2+ 34.
Rxe2 Rxc1+ 35. Kg2 Rb1 36. Nd2 Rb2 37. Kf1 h5 38. f3 h4 39. gxh4 Kg7 40. e4
dxe4 41. fxe4 Rh8 42. Nd3 Rc2 43. Ne1 Rc1 44. Ndf3 Rb1 45. Re3 f6 46. Rd3 Kf7
47. e5 1-0

[Event "Reykjavik Open 2015"]
[Site "Reykjavik, "]
[Date "2015.03.16"]
[Round "8.6"]
[White "Stopa, Jacek"]
[Black "Movsesian, Sergei"]
[Result "1/2-1/2"]
[WhiteElo "2544"]
[BlackElo "2665"]
[PlyCount "60"]
[EventDate "2015.03.10"]
[WhiteClock "0:32:34"]
[BlackClock "0:35:16"]

1. d4 Nf6 2. c4 e6 3. Nc3 Bb4 4. f3 d5 5. a3 Bxc3+ 6. bxc3 c5 7. cxd5 exd5 8.
e3 c4 9. g4 Nc6 10. Ne2 Na5 11. Bg2 Nb3 12. Ra2 h5 13. g5 Ng8 14. e4 h4 15. O-O
Ne7 16. h3 Nxc1 17. Qxc1 O-O 18. Qe1 dxe4 19. fxe4 Ng6 20. Nf4 Qxg5 21. Nxg6
fxg6 22. Rxf8+ Kxf8 23. Qf1+ Kg8 24. Qxc4+ Kh7 25. Qd3 Qc1+ 26. Kh2 Qf4+ 27.
Kh1 Qc1+ 28. Kh2 Qf4+ 29. Kh1 Qc1+ 30. Kh2 Qf4+ 1/2-1/2

[Event "Reykjavik Open 2015"]
[Site "Reykjavik, "]
[Date "2015.03.16"]
[Round "8.7"]
[White "Hammer, Jon Ludvig"]
[Black "Danielsen, Henrik"]
[Result "1-0"]
[WhiteElo "2651"]
[BlackElo "2514"]
[PlyCount "97"]
[EventDate "2015.03.10"]
[WhiteClock "0:16:27"]
[BlackClock "0:01:38"]

1. d4 d6 2. Nf3 g6 3. g3 Bg7 4. Bg2 Nf6 5. O-O O-O 6. c4 Nc6 7. Nc3 Bf5 8. Be3
Ne4 9. Nxe4 Bxe4 10. d5 Nb4 11. Bh3 c6 12. Ng5 cxd5 13. cxd5 Bf5 14. Bxf5 gxf5
15. Qd2 Na6 16. Rad1 Nc7 17. Nf3 Qd7 18. Bh6 Ne8 19. Rfe1 e5 20. dxe6 fxe6 21.
Bxg7 Qxg7 22. Nd4 Qg6 23. Qe3 Ng7 24. Nb5 d5 25. f4 a6 26. Nd6 Qf6 27. Nxb7
Qxb2 28. Nc5 Qxa2 29. Ra1 Qb2 30. Reb1 Qc2 31. Rc1 Qb2 32. Rcb1 Qc2 33. Rc1 Qb2
34. Rab1 Qa2 35. Rb7 Rf7 36. Rxf7 Kxf7 37. Nd7 Qb2 38. Rc7 Ne8 39. Ne5+ Kg8 40.
Re7 Qb1+ 41. Kf2 Nf6 42. Rxe6 Ne4+ 43. Kg2 a5 44. Re7 Qb5 45. Nf3 Qb4 46. Rc7
Qd6 47. Qc1 a4 48. Nd4 Rf8 49. Ra7 1-0

[Event "Reykjavik Open 2015"]
[Site "Reykjavik, "]
[Date "2015.03.16"]
[Round "8.8"]
[White "Jones, Gawain C B"]
[Black "Idani, Pouya"]
[Result "1-0"]
[WhiteElo "2642"]
[BlackElo "2496"]
[PlyCount "89"]
[EventDate "2015.03.10"]
[WhiteClock "0:26:42"]
[BlackClock "0:49:55"]

1. c4 c5 2. Nf3 Nc6 3. Nc3 g6 4. e3 Nf6 5. d4 cxd4 6. exd4 d5 7. Bg5 Be6 8.
Bxf6 exf6 9. c5 Bg7 10. Bb5 O-O 11. h3 Bf5 12. O-O Be4 13. Nh2 a6 14. Bxc6 bxc6
15. Qa4 Qc7 16. Rfe1 f5 17. Rad1 Rfb8 18. Re2 a5 19. a3 f4 20. Nxe4 dxe4 21.
Rxe4 Rxb2 22. Nf3 Rd8 23. Qc4 Bf6 24. Qc1 Rb3 25. Rxf4 Kg7 26. Re1 Rd5 27. h4
Qd8 28. Re3 Rb7 29. g3 Qb8 30. Re1 Rb3 31. Kg2 a4 32. Rd1 Qc8 33. Nd2 Rb8 34.
Ne4 Be7 35. Nc3 Rf5 36. Nxa4 Rxf4 37. Qxf4 Rb3 38. Nb6 Qe6 39. a4 h6 40. d5
cxd5 41. Qd4+ Bf6 42. Qxd5 Qxd5+ 43. Nxd5 Ra3 44. c6 Rxa4 45. Rc1 1-0

[Event "Reykjavik Open 2015"]
[Site "Reykjavik, "]
[Date "2015.03.16"]
[Round "8.9"]
[White "Pakleza, Zbigniew"]
[Black "Gupta, Abhijeet"]
[Result "1/2-1/2"]
[WhiteElo "2498"]
[BlackElo "2625"]
[PlyCount "94"]
[EventDate "2015.03.10"]
[WhiteClock "0:09:59"]
[BlackClock "0:19:48"]

1. Nf3 Nf6 2. c4 g6 3. b3 Bg7 4. Bb2 O-O 5. g3 d6 6. d4 e5 7. dxe5 Nfd7 8. Nc3
dxe5 9. Qc2 Nc6 10. Bg2 Re8 11. O-O e4 12. Ne1 f5 13. Rd1 Nd4 14. Qd2 Ne6 15.
f3 Ndc5 16. fxe4 Qxd2 17. Rxd2 Ng5 18. exf5 Bxf5 19. Bd5+ Kh8 20. h4 c6 21.
hxg5 cxd5 22. Rxd5 b6 23. Ng2 Kg8 24. Nf4 Re3 25. Rf3 Rae8 26. b4 Rxf3 27. exf3
Ne6 28. Nxe6 Bxe6 29. Rd2 Bxc3 30. Bxc3 Bxc4 31. Kf2 Kf7 32. g4 Re7 33. Bf6 Rc7
34. a3 Ke6 35. f4 Bb3 36. Kg3 Rc2 37. Rd3 Bc4 38. Re3+ Kd6 39. Re4 Be6 40. Be5+
Kc6 41. Bf6 Kd6 42. b5 Rd2 43. Be5+ Kd5 44. Re3 Kc4 45. Bb8 Rd3 46. Rxd3 Kxd3
47. Bxa7 Kc4 1/2-1/2

[Event "Reykjavik Open 2015"]
[Site "Reykjavik, "]
[Date "2015.03.16"]
[Round "8.10"]
[White "Grandelius, Nils"]
[Black "Galego, Luis"]
[Result "1-0"]
[WhiteElo "2603"]
[BlackElo "2461"]
[PlyCount "51"]
[EventDate "2015.03.10"]
[WhiteClock "0:26:18"]
[BlackClock "0:33:44"]

1. e4 c5 2. Nf3 e6 3. d4 cxd4 4. Nxd4 a6 5. Bd3 Bc5 6. Nb3 Be7 7. Qg4 g6 8. Qe2
d6 9. O-O Nc6 10. Nc3 Nf6 11. Bh6 Ne5 12. Rad1 Nfg4 13. Bc1 g5 14. f3 Nxd3 15.
cxd3 Ne5 16. f4 gxf4 17. Bxf4 h5 18. Bxe5 dxe5 19. Qf3 f6 20. Qg3 Rh6 21. d4
exd4 22. Rxd4 Qb6 23. Na4 Qa7 24. Qg8+ Bf8 25. Nbc5 b5 26. Rfd1 1-0

[Event "Reykjavik Open 2015"]
[Site "Reykjavik, "]
[Date "2015.03.16"]
[Round "8.11"]
[White "Abdumalik, Zhansaya"]
[Black "Steingrimsson, Hedinn"]
[Result "1-0"]
[WhiteElo "2379"]
[BlackElo "2530"]
[PlyCount "103"]
[EventDate "2015.03.10"]

1. e4 c5 2. Nf3 d6 3. d4 cxd4 4. Nxd4 Nf6 5. Nc3 a6 6. h3 e6 7. g4 Be7 8. Bg2
Nfd7 9. Be3 Nc6 10. O-O Nde5 11. Qe2 g5 12. f4 gxf4 13. Rxf4 h5 14. gxh5 Bg5
15. Nxc6 bxc6 16. Rf2 Rxh5 17. Rd1 Bxe3 18. Qxe3 Bb7 19. Qd2 d5 20. Qe3 Qc7 21.
Na4 O-O-O 22. Nc5 Rg8 23. b3 Qb6 24. Re1 Ba8 25. Kf1 Rg7 26. Qc3 Qb5+ 27. Ree2
a5 28. exd5 exd5 29. Nd3 d4 30. Qxd4 c5 31. Qd6 Bxg2+ 32. Rxg2 Rxg2 33. Rxg2
Rf5+ 34. Ke2 Ng6 35. Kd2 Qd7 36. Qa6+ Kb8 37. Qxa5 Kb7 38. Rg4 Nf4 39. Rg8 Nxd3
40. Qa8+ Kc7 41. Qb8+ Kc6 42. Rc8+ Kd5 43. Rd8 Ne5 44. Rxd7+ Nxd7 45. Qb7+ Kd6
46. a4 Rf2+ 47. Kc3 Nf6 48. Qb6+ Kd5 49. a5 Ne4+ 50. Kb2 Kd4 51. a6 Nc3 52.
Qd6+ 1-0

[Event "Reykjavik Open 2015"]
[Site "Reykjavik, "]
[Date "2015.03.16"]
[Round "8.12"]
[White "Preotu, Razvan"]
[Black "Cornette, Matthieu"]
[Result "1/2-1/2"]
[WhiteElo "2447"]
[BlackElo "2585"]
[PlyCount "107"]
[EventDate "2015.03.10"]
[WhiteClock "0:35:06"]
[BlackClock "0:20:05"]

1. e4 d6 2. d4 Nf6 3. Nc3 e5 4. Nf3 Nbd7 5. Bc4 Be7 6. O-O O-O 7. Re1 a6 8. a4
b6 9. b3 Bb7 10. Bb2 c6 11. d5 Nc5 12. dxc6 Bxc6 13. Nd2 Qd7 14. Qe2 Ne6 15.
Bxa6 Nd4 16. Qd3 d5 17. Bb5 dxe4 18. Ndxe4 Nh5 19. Ne2 Nxb5 20. Qxd7 Bxd7 21.
axb5 Rxa1 22. Rxa1 Bxb5 23. N4g3 Nxg3 24. Nxg3 f6 25. Nf5 Bc5 26. Ne3 Bxe3 27.
fxe3 Rd8 28. c4 Bc6 29. Bc3 Rd3 30. Rc1 Rxe3 31. Kf2 Rd3 32. Ke2 e4 33. b4 Kf7
34. Bd2 Rb3 35. b5 Bd7 36. Be3 Rb2+ 37. Kf1 Be6 38. Bxb6 Rb4 39. Bc5 Rxc4 40.
Rxc4 Bxc4+ 41. Kf2 Bxb5 42. Ke3 Bd3 43. h4 Ke6 44. g3 Kf5 45. Bd6 Kg4 46. Bc7
Kh3 47. Kf2 Bc4 48. Ke3 Bd5 49. Kf2 h5 50. Bd6 Kg4 51. Bc7 Bg8 52. Ke3 Bh7 53.
Bd6 f5 54. Bc7 1/2-1/2

[Event "Reykjavik Open 2015"]
[Site "Reykjavik, "]
[Date "2015.03.16"]
[Round "8.14"]
[White "Stefansson, Hannes"]
[Black "Esserman, Marc"]
[Result "1/2-1/2"]
[WhiteElo "2560"]
[BlackElo "2426"]
[PlyCount "97"]
[EventDate "2015.03.10"]
[WhiteClock "0:46:17"]
[BlackClock "0:29:46"]

1. Nf3 d6 2. d4 f5 3. g3 Nf6 4. Bg2 g6 5. O-O Bg7 6. c4 O-O 7. Nc3 c6 8. Rb1
Qe8 9. d5 Na6 10. b4 cxd5 11. Nxd5 Nxd5 12. Qxd5+ Kh8 13. Bb2 Nc7 14. Bxg7+
Kxg7 15. Qd2 Qf7 16. c5 dxc5 17. Rfc1 c4 18. Qf4 Ne6 19. Qxc4 Qf6 20. Qd3 Rd8
21. Qe3 Rd6 22. Rd1 Rc6 23. Ne5 f4 24. Qe4 Ra6 25. Rbc1 Rxa2 26. Nd7 Bxd7 27.
Rxd7 Rf8 28. Rf1 Rf7 29. Rxb7 Ra1 30. g4 Rxf1+ 31. Bxf1 Ng5 32. Qc4 f3 33. e3
Qa1 34. Qd4+ Qxd4 35. exd4 Rf4 36. h3 Rxd4 37. Rxe7+ Kf6 38. Rxa7 Rd1 39. Ra3
Ke5 40. h4 Ne4 41. Rxf3 Nd2 42. Rd3 Rxf1+ 43. Kg2 Rd1 44. b5 Kf4 45. Rd4+ Ke5
46. Rd8 Kf4 47. b6 Rb1 48. Rxd2 Kxg4 49. Rd4+ 1/2-1/2

[Event "Reykjavik Open 2015"]
[Site "Reykjavik, "]
[Date "2015.03.16"]
[Round "8.15"]
[White "Arngrimsson, Dagur"]
[Black "Gretarsson, Hjorvar Steinn"]
[Result "1/2-1/2"]
[WhiteElo "2366"]
[BlackElo "2554"]
[PlyCount "72"]
[EventDate "2015.03.10"]
[WhiteClock "0:05:42"]
[BlackClock "0:27:59"]

1. d4 Nf6 2. c4 e6 3. Nc3 Bb4 4. Qc2 d6 5. Nf3 O-O 6. Bd2 b6 7. e4 Nc6 8. e5
dxe5 9. dxe5 Nd7 10. O-O-O Be7 11. h4 Bb7 12. Ng5 g6 13. Bf4 Qe8 14. h5 Bxg5
15. Bxg5 Ncxe5 16. Bh6 f5 17. Bxf8 Nxf8 18. hxg6 hxg6 19. Qd2 Nf7 20. Qd4 Qe7
21. f3 e5 22. Qh4 Qxh4 23. Rxh4 Ne6 24. Nd5 Kg7 25. Bd3 Bxd5 26. cxd5 Nf4 27.
g3 Ng2 28. Rc4 Ne3 29. Rxc7 Nxd1 30. Kxd1 a5 31. Bc4 Rd8 32. d6 Rxd6+ 33. Ke2
Rf6 34. Rb7 g5 35. Bxf7 Rxf7 36. Rxb6 Rc7 1/2-1/2

[Event "Reykjavik Open 2015"]
[Site "Reykjavik, "]
[Date "2015.03.16"]
[Round "8.16"]
[White "Le Roux, Jean-Pierre"]
[Black "Norowitz, Yaacov"]
[Result "0-1"]
[WhiteElo "2548"]
[BlackElo "2422"]
[PlyCount "66"]
[EventDate "2015.03.10"]
[WhiteClock "0:00:31"]
[BlackClock "0:10:26"]

1. e4 c6 2. d4 d5 3. Nd2 g6 4. c3 Bg7 5. Ngf3 Nf6 6. e5 Nfd7 7. Bd3 f6 8. Qe2
fxe5 9. Nxe5 Nxe5 10. dxe5 Nd7 11. f4 Nc5 12. Bc2 b6 13. Nb3 Ba6 14. Qe3 Ne4
15. Bxe4 dxe4 16. Qxe4 Qd7 17. Be3 O-O-O 18. Kf2 Bb7 19. Rhd1 Qc7 20. Qf3 c5
21. Qg4+ Kb8 22. Rxd8+ Rxd8 23. Nd2 Qc6 24. Nf3 Qb5 25. b3 Qd3 26. Rc1 Rf8 27.
Qe6 Qd8 28. c4 Bh6 29. Qg4 Rf5 30. Qh3 Bxf4 31. Bxf4 Rxf4 32. Kg3 Rf5 33. Rf1
Qd3 0-1

[Event "Reykjavik Open 2015"]
[Site "Reykjavik, "]
[Date "2015.03.16"]
[Round "8.17"]
[White "Gao, Rui"]
[Black "L'ami, Alina"]
[Result "1/2-1/2"]
[WhiteElo "2533"]
[BlackElo "2393"]
[PlyCount "61"]
[EventDate "2015.03.10"]
[WhiteClock "0:06:10"]
[BlackClock "0:05:34"]

1. e4 c5 2. Nf3 d6 3. d4 cxd4 4. Nxd4 Nf6 5. Nc3 a6 6. Bg5 e6 7. f4 Be7 8. Qf3
h6 9. Bh4 g5 10. fxg5 Nfd7 11. Qh5 Ne5 12. Bf2 Bxg5 13. h4 Bf6 14. O-O-O Bd7
15. Be2 Nbc6 16. Rhf1 Nxd4 17. Bxd4 Qe7 18. g3 O-O-O 19. Rd2 Rdg8 20. Rfd1 Rxg3
21. Bf2 Rg2 22. Bf1 Rh2 23. Qe2 Bc6 24. a4 h5 25. Qe3 Ng4 26. Qa7 Rxf2 27. Rxd6
Rxf1 28. Rxc6+ bxc6 29. Qa8+ Kc7 30. Qa7+ Kc8 31. Qa8+ 1/2-1/2

[Event "Reykjavik Open 2015"]
[Site "Reykjavik, "]
[Date "2015.03.16"]
[Round "8.18"]
[White "Rasmussen, Allan Stig"]
[Black "Khademalsharieh, Sarasadat"]
[Result "1/2-1/2"]
[WhiteElo "2532"]
[BlackElo "2357"]
[PlyCount "129"]
[EventDate "2015.03.10"]
[WhiteClock "0:04:41"]
[BlackClock "0:10:56"]

1. c4 Nf6 2. Nc3 e6 3. e4 d5 4. cxd5 exd5 5. e5 d4 6. exf6 dxc3 7. Bb5+ c6 8.
Qe2+ Be6 9. Bc4 cxd2+ 10. Bxd2 Qxf6 11. Nf3 Be7 12. O-O Bxc4 13. Qxc4 O-O 14.
Rfe1 Bd6 15. Rad1 Na6 16. Bc3 Qh6 17. Bxg7 Kxg7 18. Qd4+ Kg8 19. Qxd6 Qxd6 20.
Rxd6 Rad8 21. Red1 Rxd6 22. Rxd6 Re8 23. Kf1 Nc5 24. b4 Na6 25. a3 c5 26. b5
Nc7 27. a4 Re4 28. Rd8+ Kg7 29. Rd7 Ne6 30. Rxb7 Rxa4 31. Ne5 Nf4 32. f3 Kf6
33. Nd7+ Kg5 34. Nxc5 Ra1+ 35. Kf2 Ra2+ 36. Ke3 Nxg2+ 37. Kd4 f5 38. Rxh7 Ne1
39. Ne6+ Kg6 40. Nf8+ Kf6 41. Nd7+ Kg6 42. Nf8+ Kf6 43. f4 Ng2 44. Nd7+ Kg6 45.
Nf8+ Kf6 46. h4 Nxf4 47. Nd7+ Kg6 48. Nf8+ Kf6 49. h5 Ra4+ 50. Kc5 Nd3+ 51. Kd6
f4 52. Ne6 f3 53. Rh8 Ne5 54. Rf8+ Nf7+ 55. Rxf7+ Kxf7 56. Ng5+ Kg7 57. Nxf3
Kh6 58. Ne5 Kxh5 59. Nc6 Kg6 60. Nxa7 Rxa7 61. b6 Ra2 62. b7 Rb2 63. Kc7 Kf7
64. b8=Q Rxb8 65. Kxb8 1/2-1/2

[Event "Reykjavik Open 2015"]
[Site "Reykjavik, "]
[Date "2015.03.16"]
[Round "8.19"]
[White "Grover, Sahaj"]
[Black "Hauge, Lars Oskar"]
[Result "1-0"]
[WhiteElo "2519"]
[BlackElo "2380"]
[PlyCount "45"]
[EventDate "2015.03.10"]
[WhiteClock "0:08:25"]
[BlackClock "0:19:52"]

1. e4 c5 2. Nf3 d6 3. d4 cxd4 4. Nxd4 Nf6 5. Nc3 g6 6. f4 Nc6 7. Nf3 Bg7 8. Bd3
Qb6 9. Qe2 O-O 10. Rb1 e5 11. Be3 Nd4 12. Qd2 Re8 13. O-O Ng4 14. Nd5 Qd8 15.
f5 gxf5 16. Bxd4 fxe4 17. Bxe4 exd4 18. Ng5 Be6 19. Qf4 Be5 20. Bxh7+ Kh8 21.
Nxf7+ Bxf7 22. Qxg4 Bxd5 23. Qh5 1-0

[Event "Reykjavik Open 2015"]
[Site "Reykjavik, "]
[Date "2015.03.16"]
[Round "8.20"]
[White "Libiszewski, Fabien"]
[Black "Nguyen, Thai Dai Van"]
[Result "1-0"]
[WhiteElo "2514"]
[BlackElo "2338"]
[PlyCount "113"]
[EventDate "2015.03.10"]
[WhiteClock "0:08:26"]
[BlackClock "0:05:21"]

1. c4 e5 2. Nc3 Nf6 3. Nf3 Nc6 4. e4 Bb4 5. d3 d6 6. a3 Bc5 7. b4 Bb6 8. Na4
Bg4 9. Nxb6 axb6 10. Bb2 O-O 11. Be2 Nh5 12. g3 Nf6 13. h3 Be6 14. Qd2 Re8 15.
Nh4 Nd7 16. Kf1 Nf8 17. Kg2 Ne7 18. d4 Nfg6 19. Nf3 f6 20. d5 Bd7 21. h4 f5 22.
h5 Nf8 23. h6 fxe4 24. Nh4 g6 25. Qe3 Nf5 26. Qxe4 Nxh6 27. Nxg6 Nxg6 28. Rxh6
Qg5 29. Bc1 Qf5 30. Bd3 Qxe4+ 31. Bxe4 Rf8 32. Bxg6 hxg6 33. Rxg6+ Kf7 34. Rg5
Rg8 35. Rxg8 Kxg8 36. Bb2 Rf8 37. f3 Ba4 38. Rc1 Bb3 39. Rc3 Ba2 40. Bc1 Rf7
41. g4 b5 42. cxb5 Bxd5 43. Kg3 c6 44. bxc6 Bxc6 45. f4 exf4+ 46. Bxf4 d5 47.
Be5 Rd7 48. g5 d4 49. Rd3 Bb5 50. Rd2 d3 51. g6 Rd5 52. Kf4 Be8 53. Ke4 Rd7 54.
Kf5 Rd5 55. Ke6 Rd8 56. Bf6 Rc8 57. Rh2 1-0

[Event "Reykjavik Open 2015"]
[Site "Reykjavik, "]
[Date "2015.03.16"]
[Round "8.21"]
[White "Christiansen, Johan-Sebastian"]
[Black "Rombaldoni, Axel"]
[Result "1-0"]
[WhiteElo "2351"]
[BlackElo "2488"]
[PlyCount "69"]
[EventDate "2015.03.10"]

1. Nf3 b6 2. g3 Bb7 3. Bg2 g6 4. c4 Bg7 5. Nc3 f5 6. d4 Nf6 7. d5 Na6 8. Bf4
O-O 9. Qc2 e6 10. O-O Nh5 11. Bg5 Qe8 12. d6 h6 13. Be7 Rf7 14. Nb5 Kh8 15. Ne5
Bxg2 16. Nxf7+ Qxf7 17. Kxg2 c6 18. Nc3 e5 19. b3 Nc5 20. Rad1 Re8 21. b4 Ne6
22. Qa4 e4 23. Rc1 g5 24. Qxa7 Nhf4+ 25. Kh1 Bxc3 26. Rxc3 Nxe2 27. Re3 N2d4
28. Qxd7 Rg8 29. f4 gxf4 30. gxf4 Nf3 31. Rfxf3 exf3 32. Qxe6 Qxe6 33. Rxe6 f2
34. Rxh6+ Kg7 35. Kg2 1-0

[Event "Reykjavik Open 2015"]
[Site "Reykjavik, "]
[Date "2015.03.16"]
[Round "8.22"]
[White "Colovic, Aleksandar"]
[Black "Sarkar, Justin"]
[Result "0-1"]
[WhiteElo "2482"]
[BlackElo "2376"]
[PlyCount "130"]
[EventDate "2015.03.10"]

1. d4 Nf6 2. c4 g6 3. g3 Bg7 4. Bg2 d5 5. cxd5 Nxd5 6. Nf3 Nb6 7. Nc3 Nc6 8. e3
O-O 9. O-O Re8 10. h3 a5 11. d5 Na7 12. Nd4 a4 13. Re1 Bd7 14. e4 c5 15. Nc2
Nc4 16. a3 Nb5 17. Nxb5 Bxb5 18. Bf1 Qd7 19. Rb1 Ne5 20. Kg2 Bxf1+ 21. Rxf1 e6
22. Ne3 Qb5 23. Ng4 exd5 24. exd5 Nxg4 25. hxg4 Rad8 26. Bg5 Rd7 27. b3 Re5 28.
bxa4 Qc4 29. Be3 Rexd5 30. Qf3 h5 31. Rfc1 Qxa4 32. Rxb7 hxg4 33. Rb8+ Bf8 34.
Qf4 Qc6 35. Qxg4 Rh5+ 36. f3 Rb7 37. Qc8 Rb2+ 38. Bf2 Qxc8 39. Rxc8 Rd5 40. Kf1
Kg7 41. Bxc5 Bxc5 42. R8xc5 Rdd2 43. f4 Rf2+ 44. Kg1 Rg2+ 45. Kf1 Rh2 46. Kg1
Rbg2+ 47. Kf1 Rxg3 48. R5c3 Rg4 49. f5 g5 50. Rc4 Rxc4 51. Rxc4 Kf6 52. Rc5 Ra2
53. Ra5 g4 54. Ra7 Rc2 55. Ra5 Kg5 56. a4 Ra2 57. Kg1 f6 58. Kf1 Kf4 59. Ra6
Kxf5 60. a5 Kg5 61. Ra8 Kf4 62. a6 Kf3 63. Ke1 g3 64. a7 g2 65. Rg8 Rxa7 0-1

[Event "Reykjavik Open 2015"]
[Site "Reykjavik, "]
[Date "2015.03.16"]
[Round "8.23"]
[White "Bisby, Daniel L"]
[Black "Kristjansson, Stefan"]
[Result "1/2-1/2"]
[WhiteElo "2321"]
[BlackElo "2482"]
[PlyCount "118"]
[EventDate "2015.03.10"]

1. e4 c5 2. Nf3 e6 3. g3 Nc6 4. Bg2 d6 5. O-O Nf6 6. Re1 Be7 7. c3 O-O 8. d4
cxd4 9. cxd4 d5 10. e5 Ne4 11. Nc3 Nxc3 12. bxc3 b5 13. h4 b4 14. cxb4 Nxb4 15.
a3 Nc6 16. Bg5 Rb8 17. Qd2 Ba6 18. Rac1 Rb6 19. Qf4 Bd3 20. Rc3 Be4 21. Rec1
Bxg5 22. hxg5 Ne7 23. Nd2 Bxg2 24. Kxg2 Ng6 25. Qg4 Ra6 26. Qh5 Re8 27. Nf3 Ra4
28. Rh1 Nf8 29. Rhc1 Rc4 30. Rxc4 dxc4 31. Rxc4 Qa5 32. a4 Rb8 33. Rc5 Qxa4 34.
Rc7 Ng6 35. Qh1 Qa3 36. Qd1 Ne7 37. g6 Nxg6 38. d5 exd5 39. Qxd5 Rf8 40. Ng5
Ne7 41. Qd7 h6 42. Nf3 Ng6 43. e6 a5 44. e7 Nxe7 45. Qxe7 Qxe7 46. Rxe7 Ra8 47.
Re3 g5 48. Ra3 Kg7 49. Ra4 f5 50. Nd4 Kf6 51. Nc6 Ra6 52. Nxa5 g4 53. Ra3 h5
54. Nc4 Rxa3 55. Nxa3 f4 56. Nc4 fxg3 57. Kxg3 Kg5 58. Ne3 h4+ 59. Kh2 g3+
1/2-1/2

[Event "Reykjavik Open 2015"]
[Site "Reykjavik, "]
[Date "2015.03.16"]
[Round "8.24"]
[White "Akesson, Ralf"]
[Black "Antal, Tibor Kende"]
[Result "1/2-1/2"]
[WhiteElo "2456"]
[BlackElo "2317"]
[PlyCount "159"]
[EventDate "2015.03.10"]

1. d4 Nf6 2. c4 e6 3. Nc3 Bb4 4. e3 O-O 5. Bd3 d5 6. cxd5 exd5 7. Nge2 c6 8.
O-O Re8 9. Bd2 b6 10. Ng3 Ba6 11. Bxa6 Nxa6 12. Rc1 Qd7 13. Qa4 Qb7 14. a3 Bf8
15. b4 Nc7 16. Rc2 b5 17. Qb3 Nd7 18. e4 Nb6 19. e5 Nc4 20. Nce2 a5 21. bxa5
Nxd2 22. Rxd2 Rxa5 23. Ra1 Rea8 24. Rda2 Ne6 25. a4 Qa7 26. Qc3 c5 27. dxc5
Bxc5 28. Qf3 Rxa4 29. Nc3 Rxa2 30. Rxa2 Qb8 31. Qxd5 Rxa2 32. Nxa2 b4 33. Nc1
Bd4 34. Nf5 Bxe5 35. Ne7+ Kf8 36. Nc6 Bxh2+ 37. Kh1 Qd6 38. Qc4 Bf4 39. Nd3 b3
40. g3 Bd2 41. Nce5 f6 42. Nf3 Ba5 43. Qxb3 Qc6 44. Nf4 Nxf4 45. Qb8+ Kf7 46.
Qxf4 Bd2 47. Qf5 g6 48. Qd3 Bc3 49. Kg1 Be5 50. Qe3 Qe6 51. Qa7+ Qe7 52. Qxe7+
Kxe7 53. Kg2 Ke6 54. Nd2 Kd5 55. Kf3 Bc3 56. Ne4 Bd4 57. g4 Ke5 58. Ng3 Bb6 59.
Ne4 h6 60. Nc3 f5 61. gxf5 Kxf5 62. Nd5 Bc5 63. Nf4 g5 64. Ne2 Bd6 65. Nd4+ Kg6
66. Ne6 Bb8 67. Kg2 Ba7 68. Nc7 Kf5 69. Nd5 Bd4 70. f3 Ke5 71. Nb4 Be3 72. Kg3
Bd2 73. Nc6+ Kd5 74. Nd8 h5 75. Nf7 Bf4+ 76. Kh3 Ke6 77. Nxg5+ Bxg5 78. f4 Bf6
79. f5+ Ke5 80. Kg2 1/2-1/2

[Event "Reykjavik Open 2015"]
[Site "Reykjavik, "]
[Date "2015.03.16"]
[Round "8.25"]
[White "Hamitevici, Vladimir"]
[Black "Hitzler, Philipp"]
[Result "1-0"]
[WhiteElo "2450"]
[BlackElo "2315"]
[PlyCount "83"]
[EventDate "2015.03.10"]

1. d4 d5 2. c4 c6 3. Nc3 Nf6 4. e3 e6 5. Nf3 Nbd7 6. Qc2 Bd6 7. Bd3 dxc4 8.
Bxc4 O-O 9. O-O e5 10. Rd1 Qc7 11. h3 exd4 12. Nxd4 Re8 13. b3 a6 14. a4 Ne5
15. Be2 Bd7 16. Bb2 Rad8 17. Rab1 Bc8 18. Ba1 a5 19. Ne4 Nxe4 20. Qxe4 Ng6 21.
Qc2 Be5 22. Bg4 Ne7 23. b4 axb4 24. Rxb4 Bxg4 25. hxg4 Qd7 26. Rbb1 Qxg4 27.
Rxb7 Bxd4 28. Rxd4 Rxd4 29. Bxd4 Nf5 30. Qb3 Rf8 31. Bc5 Rd8 32. Rd7 Ra8 33.
Rxf7 Kh8 34. Ra7 Rd8 35. Rd7 Rg8 36. Bd4 c5 37. Be5 c4 38. Qd1 Qe4 39. Qd5 Qb1+
40. Kh2 h6 41. Qxc4 Re8 42. Qf4 1-0

[Event "Reykjavik Open 2015"]
[Site "Reykjavik, "]
[Date "2015.03.16"]
[Round "8.26"]
[White "Kochetkova, Julia"]
[Black "Wang, Yiye"]
[Result "0-1"]
[WhiteElo "2288"]
[BlackElo "2433"]
[PlyCount "156"]
[EventDate "2015.03.10"]

1. e4 e6 2. d4 d5 3. Nd2 Nf6 4. e5 Nfd7 5. Bd3 c5 6. c3 b6 7. Nh3 Ba6 8. Bxa6
Nxa6 9. O-O b5 10. Qg4 h6 11. Nf3 Qb6 12. Nf4 g6 13. h4 Be7 14. Be3 Qc6 15. b3
Nc7 16. dxc5 Nxc5 17. Bxc5 Qxc5 18. Rac1 a5 19. Nd4 Qb6 20. Rfd1 g5 21. Nh5
O-O-O 22. Nf6 gxh4 23. Qxh4 Rhg8 24. Qxh6 Rg6 25. Qh7 Bxf6 26. Qxf7 Rdg8 27.
exf6 Rxg2+ 28. Kf1 Qd6 29. Qh5 Qf4 30. Qf3 Qe5 31. Qxg2 Rxg2 32. Kxg2 Qxf6 33.
Re1 e5 34. Nf3 Qg6+ 35. Kf1 Qd3+ 36. Kg2 Ne6 37. Re3 Nf4+ 38. Kh1 Qf5 39. Nh2
Nd3 40. Rf1 e4 41. Rg3 Qe5 42. Rg8+ Kd7 43. Ng4 Qf4 44. Rg1 Kc6 45. Rg3 b4 46.
Rg6+ Kc5 47. cxb4+ axb4 48. Rf6 Qc1+ 49. Kh2 Qg5 50. Rf8 Nf4 51. Rh8 Ne2 52.
Rg2 Kd4 53. Kh1 Nf4 54. Rg3 Nd3 55. Rf8 Ne5 56. Nh2 Qh6 57. Rf5 Nd3 58. Rgg5
Nxf2+ 59. Kg2 Qh3+ 60. Kg1 Nd3 61. Rxd5+ Kc3 62. Nf1 Qf3 63. Rdf5 Qe2 64. Rg3
Qxa2 65. Rg4 Qa7+ 66. Kg2 Ne1+ 67. Kg3 Qg1+ 68. Kh3 Qh1+ 69. Nh2 Nf3 70. Rg2
Kxb3 71. Rf4 Kc3 72. Rf2 b3 73. Rf8 Qe1 74. Rc8+ Kd3 75. Rd8+ Kc4 76. Rc8+ Kd5
77. Ng4 b2 78. Rxb2 Qh4+ 0-1

[Event "Reykjavik Open 2015"]
[Site "Reykjavik, "]
[Date "2015.03.16"]
[Round "8.27"]
[White "Ptacnikova, Lenka"]
[Black "Thorhallsson, Throstur"]
[Result "1-0"]
[WhiteElo "2242"]
[BlackElo "2428"]
[PlyCount "77"]
[EventDate "2015.03.10"]

1. e4 c5 2. Nc3 a6 3. g3 g6 4. Nge2 Nc6 5. d4 cxd4 6. Nxd4 Bg7 7. Nde2 Nf6 8.
Bg2 O-O 9. O-O d6 10. a4 Rb8 11. h3 b5 12. axb5 axb5 13. Bg5 b4 14. Nd5 Nd7 15.
Qc1 Re8 16. Rd1 Nc5 17. Be3 Nd7 18. Nd4 Nxd4 19. Bxd4 Ne5 20. b3 e6 21. Ne3 Qc7
22. Qb2 f6 23. Ra4 Rf8 24. Qc1 Kh8 25. Qd2 Nc6 26. Bb2 Rd8 27. Ng4 Qe7 28. Ne3
Bb7 29. Nc4 d5 30. exd5 exd5 31. Na5 Nxa5 32. Rxa5 Bc6 33. Bd4 Re8 34. Bf3 Qe6
35. h4 Qf5 36. Bg2 Bb5 37. Re1 Rec8 38. Ba7 Rb7 39. Qxd5 1-0